🎶 Paroles "Les dix commandements" (Les 10 commandements) - Statistiques

Statistiques générales
  • Ce quiz a Ă©tĂ© pris 30 fois
  • Le rĂ©sultat moyen est 199 sur 371
Statistiques - réponses
Mots
% Correct
l'
92%
ce
88%
d'
88%
Le
88%
le
88%
A
83%
Ă 
83%
a
83%
t'
83%
de
79%
il
79%
la
79%
m'
79%
Qu'
79%
qu'
79%
en
75%
et
75%
Et
75%
Est
71%
les
71%
ne
71%
Ne
71%
pour
71%
Pour
71%
un
71%
Un
71%
une
71%
au
67%
ma
67%
ou
67%
oĂą
67%
Ou
67%
que
67%
Que
67%
qui
67%
comme
63%
du
63%
dans
58%
Je
58%
jour
58%
pas
58%
toi
58%
tout
58%
Bien
54%
bien
54%
bien,
54%
Mais
54%
moi
54%
tu
54%
homme
50%
plus
50%
plus,
50%
vie
50%
Aux
46%
Car
46%
hommes
46%
ont
46%
Ont
46%
suis
46%
ans
42%
autre
42%
Cet
42%
dit
42%
dit...
42%
donné
42%
été
42%
Sans
42%
Soit
42%
soit
42%
ton
42%
as
38%
éternel
38%
grands
38%
lui
38%
mille
38%
aujourd'hui
33%
Aujourd'hui...
33%
ceux
33%
jamais
33%
temps
33%
toujours
33%
seul
29%
seule
29%
commencement
25%
envie
25%
maintenant
25%
recommencement
25%
recommencement...
25%
recommencement..
25%
seule
25%
appelle
21%
auras
21%
avenir
21%
choisi
21%
démunis
21%
écrit
21%
personne
21%
reconstruire
21%
vain
21%
colère
17%
respect
17%
septième
17%
Souviens-
17%
subiras
17%
trompe
17%
aucun
13%
Aucun
13%
Ă´ter
13%
prochain
13%
Respecte
13%
témoigner
13%
vérité
13%
Apporte
8%
Choisis
8%
posséder
8%
prendras
8%
puisse
8%
Quoiqu'
8%
Aucun quiz correspondant
Distribution des résultats
% des personnes avec chaque résultat
Percentile par nombre de réponses
Votre historique - résultats
Vous n’avez pas pris ce quiz